| 000 | 00691pam a2200205 a 4500 | ||
|---|---|---|---|
| 020 | _a0803944640 | ||
| 020 | _a0803944659 (pbk.) | ||
| 040 | _cDLC | ||
| 082 | 0 | 0 | _a306 SAG 1992 A066 Or. |
| 100 | 1 | _aStiles, William B., | |
| 245 | 1 | 0 |
_aDescribing talk : _ba taxonomy of verbal response modes / |
| 260 |
_aNewbury Park : _bSage Publications, _cc1992. |
||
| 300 |
_ax, 238 p. ; _c23 cm. |
||
| 490 | 1 | _aSage series in interpersonal communication ; | |
| 650 | 0 | _aInterpersonal communication. | |
| 650 | 0 | _aVerbal behavior | |
| 856 | 4 | 2 | _uhttp://www.loc.gov/catdir/enhancements/fy0655/92007523-d.html |
| 856 | 4 | 1 | _uhttp://www.loc.gov/catdir/enhancements/fy0655/92007523-t.html |
| 942 | _cEK | ||
| 999 |
_c14380 _d14380 |
||